000 00635cam a2200217 a 4500
001 000018722
005 20200929165840.0
008 840313s1964 sp 000 f spa d
035 _a(DLC) 67039855
040 _aDO-SdBNP
_cCarP
_dDLC
_dBNPHU
082 _a863.64
_bC352p, 1964
100 1 _aCastillo Puche, José Luis
_d1919-2004
_925734
245 1 0 _aParalelo 40 /
_cJosé Luis Castillo-Puche.
250 _a3a ed.
260 _aBarcelona :
_bDestino,
_c1964.
300 _a477 p. ;
_c19 cm.
650 4 _aNovela española
_91123
650 4 _aLiteratura española
_9632
910 _aCatalogación derivada / LC
049 _aBNGR
999 _c18242
_d18242